Outer Banks Season 1 Episode 2 Quiz - Statistics

General Stats
  • This quiz has been taken 388 times
  • The average score is 7 of 16
Answer Stats
Question Answer % Correct
Who kisses Kiara? John B
95%
Who actually did? Topper
88%
Who does John B think told Ward that he poached scuba gear? Sarah
86%
Is Redfield a place or a person? A person
82%
What does Big John etch into the compass? Redfield
77%
No Pouge-on-Pouge _______. macking
67%
What does John B drop off at the Cameron boat? Scuba gear
63%
What does John B get electrocuted by? A fence
48%
What is the name of this episode? The Lucky Compass
35%
What did Wheezie say was the name of Sarah's last boyfriend? Denny
13%
Where does Pope suggest that Big John could be? In a Soviet submarine with the KGB
8%
What is Kiara doing to the wall of her dad's restaurant? Spackling it
7%
Who calls the police for the man at the lighthouse? Wanda
7%
JJ says, 'Ye olde Dr._________!' Cottonmouth
6%
Where does JJ suggest that he could be? Atlantis
5%
Who gets shouted at and asked what the hell they're doing? Ratter
2%
No matching quizzes found
Score Distribution
Percent of People with Each Score
Percentile by Number Answered
Your Score History
You have not taken this quiz